|
|
|
|
| LEADER |
03678nam a22005775i 4500 |
| 001 |
978-3-540-73859-6 |
| 003 |
DE-He213 |
| 005 |
20151204165246.0 |
| 007 |
cr nn 008mamaa |
| 008 |
100301s2007 gw | s |||| 0|eng d |
| 020 |
|
|
|a 9783540738596
|9 978-3-540-73859-6
|
| 024 |
7 |
|
|a 10.1007/978-3-540-73859-6
|2 doi
|
| 040 |
|
|
|d GrThAP
|
| 050 |
|
4 |
|a QA75.5-76.95
|
| 072 |
|
7 |
|a UY
|2 bicssc
|
| 072 |
|
7 |
|a UYA
|2 bicssc
|
| 072 |
|
7 |
|a COM014000
|2 bisacsh
|
| 072 |
|
7 |
|a COM031000
|2 bisacsh
|
| 082 |
0 |
4 |
|a 004.0151
|2 23
|
| 245 |
1 |
0 |
|a Algebra and Coalgebra in Computer Science
|h [electronic resource] :
|b Second International Conference, CALCO 2007, Bergen, Norway, August 20-24, 2007. Proceedings /
|c edited by Till Mossakowski, Ugo Montanari, Magne Haveraaen.
|
| 264 |
|
1 |
|a Berlin, Heidelberg :
|b Springer Berlin Heidelberg,
|c 2007.
|
| 300 |
|
|
|a XI, 463 p.
|b online resource.
|
| 336 |
|
|
|a text
|b txt
|2 rdacontent
|
| 337 |
|
|
|a computer
|b c
|2 rdamedia
|
| 338 |
|
|
|a online resource
|b cr
|2 rdacarrier
|
| 347 |
|
|
|a text file
|b PDF
|2 rda
|
| 490 |
1 |
|
|a Lecture Notes in Computer Science,
|x 0302-9743 ;
|v 4624
|
| 505 |
0 |
|
|a Invited Talks -- Regular and Algebraic Words and Ordinals -- Logical Semantics of Types for Concurrency -- Deriving Bisimulation Congruences with Borrowed Contexts -- Symmetry and Concurrency -- Contributed Papers -- Ready to Preorder: Get Your BCCSP Axiomatization for Free! -- Impossibility Results for the Equational Theory of Timed CCS -- Conceptual Data Modeling with Constraints in Maude -- Datatypes in Memory -- Bisimilarity and Behaviour-Preserving Reconfigurations of Open Petri Nets -- Free Modal Algebras: A Coalgebraic Perspective -- Coalgebraic Epistemic Update Without Change of Model -- The Maude Formal Tool Environment -- Bifinite Chu Spaces -- Structured Co-spans: An Algebra of Interaction Protocols -- Graphical Encoding of a Spatial Logic for the ?-Calculus -- Higher Dimensional Trees, Algebraically -- A Semantic Characterization of Unbounded-Nondeterministic Abstract State Machines -- Parametric (Co)Iteration vs. Primitive Direcursion -- Bisimulation for Neighbourhood Structures -- Algebraic Models of Simultaneous Multithreaded and Multi-core Processors -- Quasitoposes, Quasiadhesive Categories and Artin Glueing -- Applications of Metric Coinduction -- The Goldblatt-Thomason Theorem for Coalgebras -- Specification-Based Testing for CoCasl’s Modal Specifications -- CIRC: A Circular Coinductive Prover -- Observing Distributed Computation. A Dynamic-Epistemic Approach -- Nabla Algebras and Chu Spaces -- An Institutional Version of Gödel’s Completeness Theorem -- Coalgebraic Foundations of Linear Systems -- Bootstrapping Types and Cotypes in HasCASL.
|
| 650 |
|
0 |
|a Computer science.
|
| 650 |
|
0 |
|a Software engineering.
|
| 650 |
|
0 |
|a Computers.
|
| 650 |
|
0 |
|a Computer logic.
|
| 650 |
|
0 |
|a Mathematical logic.
|
| 650 |
|
0 |
|a Computer science
|x Mathematics.
|
| 650 |
1 |
4 |
|a Computer Science.
|
| 650 |
2 |
4 |
|a Theory of Computation.
|
| 650 |
2 |
4 |
|a Logics and Meanings of Programs.
|
| 650 |
2 |
4 |
|a Mathematical Logic and Formal Languages.
|
| 650 |
2 |
4 |
|a Software Engineering.
|
| 650 |
2 |
4 |
|a Symbolic and Algebraic Manipulation.
|
| 700 |
1 |
|
|a Mossakowski, Till.
|e editor.
|
| 700 |
1 |
|
|a Montanari, Ugo.
|e editor.
|
| 700 |
1 |
|
|a Haveraaen, Magne.
|e editor.
|
| 710 |
2 |
|
|a SpringerLink (Online service)
|
| 773 |
0 |
|
|t Springer eBooks
|
| 776 |
0 |
8 |
|i Printed edition:
|z 9783540738572
|
| 830 |
|
0 |
|a Lecture Notes in Computer Science,
|x 0302-9743 ;
|v 4624
|
| 856 |
4 |
0 |
|u http://dx.doi.org/10.1007/978-3-540-73859-6
|z Full Text via HEAL-Link
|
| 912 |
|
|
|a ZDB-2-SCS
|
| 912 |
|
|
|a ZDB-2-LNC
|
| 950 |
|
|
|a Computer Science (Springer-11645)
|